00245nam a22000857a 4500008004100000082002200041245004500063260003800108300001300146230623b xxu||||| |||| 00| 0 eng d a330.963bPIK 1968 aMalawi :A Political and Economic History aLondonbPall Mall Press Ltdc1968 aVII,248p